| 000 | 00449nam a22001457a 4500 | ||
|---|---|---|---|
| 003 | MACL | ||
| 005 | 20171221131220.0 | ||
| 008 | 171221b xxu||||| |||| 00| 0 eng d | ||
| 040 | _cMACL | ||
| 100 |
_aशर्मा, मुल्कराज _969744 |
||
| 245 | _aधनुधारी राम | ||
| 260 |
_aदिल्ली _bआलोकपर्व प्रकाशन _c2016 |
||
| 650 |
_aधर्म _969745 |
||
| 942 |
_2ddc _cHIN |
||
| 999 |
_c57225 _d57225 |
||